Statistics for Sports Team Logos Multiple Choice Quiz

Click here to take the quiz!

General Stats

  • This quiz has been taken 1,570 times
  • The average score is 13 of 15

Answer Stats

QuestionAnswer% Correct
Which logo belongs to the Seattle Seahawks?
96%
Which logo belongs to the Boston Celtics?
94%
Which logo belongs to the Vegas Golden Knights?
93%
Which logo belongs to Paris Saint-Germain?
91%
Which logo belongs to AS Roma?
90%
Which logo belongs to Liverpool F.C.?
89%
Which logo belongs to Leicester City?
88%
Which logo belongs to the New York Islanders?
83%
Which logo belongs to Eintracht Frankfurt?
80%
Which logo belongs to the Houston Texans?
79%
Which logo belongs to the Oklahoma City Thunder?
76%
Which logo belongs to Galatasaray S.K.?
76%
Which logo belongs to Borussia Dortmund?
75%
Which logo belongs to the Chicago Blackhawks?
73%
Which logo belongs to the Detroit Tigers?
68%

Score Distribution

Percentile by Number Answered

Percent of People with Each Score

Your Score History

You have not taken this quiz